[Event "C'est un classique IV"]
[Site "Chess.com"]
[Date "2021.01.10"]
[Round "4.1"]
[White "Magner, Wilhelm"]
[Black "Laroche, Hugo"]
[Result "1/2-1/2"]
[WhiteElo "1459"]
[BlackElo "1738"]
[PlyCount "106"]
[EventDate "2020.12.20"]
[EventType "swiss"]
[EventRounds "5"]
[EventCountry "CAN"]

1. d4 d5 2. Bf4 Nf6 3. e3 Bf5 4. c4 e6 5. Qb3 Qc8 6. Nc3 c6 7. Rc1 Nbd7 8. cxd5
Nxd5 9. Bg3 Bb4 10. Nf3 N7f6 11. Be2 O-O 12. O-O Ba5 13. Ne5 Nxc3 14. bxc3 Bc7
15. Rfe1 Ne4 16. Bd3 Nxg3 17. hxg3 Bxe5 18. Bxf5 exf5 19. dxe5 Rd8 20. Red1 Qc7
21. e6 Qe7 22. exf7+ Qxf7 23. Kf1 Rxd1+ 24. Rxd1 Qxb3 25. axb3 a5 26. Ke2 b5
27. Ra1 Kf7 28. Kd3 Ke6 29. Kd4 Kd6 30. c4 a4 31. bxa4 Rxa4 32. Rxa4 bxa4 33.
c5+ Ke6 34. Kc4 a3 35. Kb3 Kd5 36. Kxa3 Kxc5 37. Kb3 h5 38. Kc3 Kb5 39. f3 Kc5
40. Kb3 Kd5 41. Kc3 c5 42. Kd3 c4+ 43. Kc3 Kc5 44. Kc2 Kb4 45. g4 hxg4 46. fxg4
fxg4 47. e4 Kc5 48. Kc3 g3 49. e5 Kd5 50. e6 Kxe6 51. Kxc4 Ke5 52. Kd3 Kf4 53.
Kd4 Kf5 1/2-1/2

[Event "C'est un classique IV"]
[Site "Chess.com"]
[Date "2021.01.10"]
[Round "4.2"]
[White "Varro, Daniel"]
[Black "Latorre, Vincent"]
[Result "1/2-1/2"]
[WhiteElo "1831"]
[BlackElo "1941"]
[PlyCount "60"]
[EventDate "2020.12.20"]
[EventType "swiss"]
[EventRounds "5"]
[EventCountry "CAN"]

1. c4 Nf6 2. Nc3 g6 3. g3 Bg7 4. Bg2 O-O 5. e4 d6 6. Nge2 Nc6 7. O-O a5 8. d3
e5 9. h3 Nd7 10. Be3 Nc5 11. Qd2 Ne6 12. Nd5 Ncd4 13. f4 exf4 14. gxf4 f5 15.
Nxd4 Nxd4 16. Qf2 c5 17. Rad1 Be6 18. Nc3 fxe4 19. Nxe4 Nf5 20. Kh2 Nxe3 21.
Qxe3 Bd4 22. Qg3 Bf5 23. Ng5 Qf6 24. Qh4 Qg7 25. Bd5+ Kh8 26. Rde1 Bf6 27. Qg3
Bxg5 28. fxg5 Qd7 29. Re3 Rae8 30. Rfe1 Rxe3 1/2-1/2

[Event "C'est un classique IV"]
[Site "Chess.com"]
[Date "2021.01.10"]
[Round "4.3"]
[White "Turcotte, Jonathan"]
[Black "Tanaka, Tyler"]
[Result "0-1"]
[WhiteElo "2035"]
[BlackElo "2250"]
[PlyCount "78"]
[EventDate "2020.12.20"]
[EventType "swiss"]
[EventRounds "5"]
[EventCountry "CAN"]

1. d4 d5 2. c4 dxc4 3. e4 Nf6 4. e5 Nd5 5. Bxc4 Nb6 6. Bd3 Nc6 7. Ne2 Bg4 8. f3
Bh5 9. Nbc3 e6 10. Be3 Bg6 11. Bb5 Be7 12. O-O O-O 13. Rc1 Nb4 14. a3 N4d5 15.
Bf2 Bg5 16. Nxd5 Nxd5 17. Rc5 c6 18. Ba4 Qb6 19. Qb3 Qxb3 20. Bxb3 Bd3 21. Re1
Bxe2 22. Rxe2 Nf4 23. Re3 Rfd8 24. Rc4 Rd7 25. Kf1 Rad8 26. Rec3 Nd5 27. Rd3
Be7 28. Rd1 Nb6 29. Rcc1 Bg5 30. Rc2 Rc8 31. g3 Nd5 32. f4 Bd8 33. Ba2 Bb6 34.
Ke2 Rcd8 35. b4 Nc7 36. a4 a6 37. Rc4 Nd5 38. Kf3 Ba7 39. g4 Nb6 0-1

[Event "C'est un classique IV"]
[Site "Chess.com"]
[Date "2021.01.10"]
[Round "4.4"]
[White "Pomerantz, Daniel"]
[Black "Cormier, Benoit"]
[Result "1-0"]
[WhiteElo "2164"]
[BlackElo "1393"]
[PlyCount "89"]
[EventDate "2020.12.20"]
[EventType "swiss"]
[EventRounds "5"]
[EventCountry "CAN"]

1. e4 c5 2. Nf3 Nc6 3. Bb5 g6 4. O-O Bg7 5. Re1 e6 6. Bxc6 bxc6 7. c3 d5 8.
exd5 cxd5 9. d4 cxd4 10. Nxd4 Nf6 11. Bg5 O-O 12. Qf3 h6 13. Nc6 Qc7 14. Bxf6
Qxc6 15. Nd2 Bb7 16. Bxg7 Kxg7 17. Nb3 Qb6 18. Qe2 Rae8 19. Qe3 Qxe3 20. Rxe3
Bc6 21. Nc5 e5 22. f3 f6 23. b4 Re7 24. Rae1 Rfe8 25. Kf2 f5 26. f4 Kf6 27.
fxe5+ Rxe5 28. g3 g5 29. a4 Rxe3 30. Rxe3 Rxe3 31. Kxe3 Ke5 32. Nd3+ Kd6 33. b5
Be8 34. Kd4 h5 35. Nb4 Bf7 36. Nc6 h4 37. gxh4 g4 38. Ne5 Bh5 39. Nd3 Bf7 40.
Nf4 Kc7 41. Nxd5+ Bxd5 42. Kxd5 f4 43. Ke4 g3 44. hxg3 fxg3 45. Kf3 1-0

[Event "C'est un classique IV"]
[Site "Chess.com"]
[Date "2021.01.10"]
[Round "4.5"]
[White "Dube, Daniel"]
[Black "Adam, Rafael"]
[Result "1/2-1/2"]
[WhiteElo "1697"]
[BlackElo "2049"]
[PlyCount "157"]
[EventDate "2020.12.20"]
[EventType "swiss"]
[EventRounds "5"]
[EventCountry "CAN"]

1. d4 Nf6 2. c4 e6 3. g3 d5 4. Nf3 Be7 5. Bg2 O-O 6. O-O b6 7. Qc2 Bb7 8. cxd5
Nxd5 9. a3 h6 10. e4 Nf6 11. Nc3 Nbd7 12. Rd1 Qc8 13. Bf4 Rd8 14. d5 exd5 15.
e5 Ne4 16. Nxd5 Bxd5 17. Rxd5 Nec5 18. b4 Ne6 19. b5 Ndc5 20. Rxd8+ Qxd8 21.
Rd1 Qe8 22. Nd4 Nxd4 23. Rxd4 Rd8 24. Bc6 Qf8 25. Rxd8 Qxd8 26. a4 Qd4 27. Bf3
Qxa4 28. Qxa4 Nxa4 29. e6 fxe6 30. Bxc7 Nc5 31. Be2 Nd7 32. Bc4 Kf7 33. f4 Bc5+
34. Kg2 Ke7 35. Be5 Nxe5 36. fxe5 Bd4 37. Kf3 Bxe5 38. Ke4 Bb8 39. Kf3 Kd6 40.
h4 Kc5 41. Be2 Kb4 42. g4 Ka5 43. Ke4 a6 44. bxa6 b5 45. a7 Bxa7 46. Ke5 Ka4
47. Kxe6 b4 48. Kf7 Bd4 49. Bd3 Ka3 50. Ke6 b3 51. Kd5 Bf6 52. h5 b2 53. Bb1
Kb3 54. Ke4 Kc3 55. Ke3 Bg5+ 56. Ke2 Kd4 57. Kf3 Bf6 58. Ke2 Kc3 59. Kd1 Kd4
60. Ke2 Bg5 61. Kf3 Kc3 62. Ke2 Bc1 63. Bf5 Kb3 64. Bb1 Kc3 65. Bf5 Kb4 66. Kd1
Kb3 67. Bb1 Ka3 68. Kc2 Bg5 69. Kc3 Bf6+ 70. Kc2 Kb4 71. Kd3 Kc5 72. Ba2 Kd6
73. Ke4 Bg5 74. Kd4 Bh4 75. Bb1 Bf2+ 76. Kc3 Ke5 77. Kxb2 Kf4 78. Bf5 Kg5 79.
Kc3 1/2-1/2

[Event "C'est un classique IV"]
[Site "Chess.com"]
[Date "2021.01.10"]
[Round "4.6"]
[White "Fortin, Anne-Esmee"]
[Black "Courtemanche, Sylvain"]
[Result "1-0"]
[WhiteElo "1339"]
[BlackElo "1440"]
[PlyCount "55"]
[EventDate "2020.12.20"]
[EventType "swiss"]
[EventRounds "5"]
[EventCountry "CAN"]

1. e4 e5 2. Nf3 Nc6 3. Bc4 Nf6 4. d3 Bc5 5. O-O O-O 6. Nc3 h6 7. a3 a5 8. h3 d6
9. Re1 Be6 10. Bxe6 fxe6 11. Be3 Nd4 12. Bxd4 Bxd4 13. Nxd4 exd4 14. Ne2 e5 15.
c3 dxc3 16. Qb3+ Kh8 17. Nxc3 b6 18. Rac1 Nh5 19. Nd5 c6 20. Rxc6 Rxf2 21. Kxf2
Qh4+ 22. Ke2 Ng3+ 23. Kd2 Rf8 24. Kc3 Nf5 25. Rf1 Nd4 26. Rxf8+ Kh7 27. Nf6+
Kg6 28. Qf7+ 1-0

[Event "C'est un classique IV"]
[Site "Chess.com"]
[Date "2021.01.10"]
[Round "4.8"]
[White "Loevenich, Anna"]
[Black "Georgescu-Nicolau, Luca"]
[Result "0-1"]
[WhiteElo "952"]
[BlackElo "1314"]
[PlyCount "98"]
[EventDate "2020.12.20"]
[EventType "swiss"]
[EventRounds "5"]
[EventCountry "CAN"]

1. d4 d5 2. Nc3 Nf6 3. Bg5 Bf5 4. e3 e6 5. Bd3 Bxd3 6. Qxd3 c6 7. Nf3 Nbd7 8.
O-O h6 9. Bh4 Be7 10. h3 O-O 11. Bg3 c5 12. Ne5 cxd4 13. exd4 Nxe5 14. Bxe5 Bd6
15. Rfe1 Bxe5 16. Rxe5 a6 17. Re3 Qc7 18. g3 Qc4 19. Qxc4 dxc4 20. Ne4 Nxe4 21.
Rxe4 Rfd8 22. c3 b5 23. b4 a5 24. Re5 axb4 25. Rxb5 bxc3 26. Rbb1 Rxd4 27. Rc1
Ra3 28. Kg2 Rd2 29. Kf3 Rdxa2 30. Rxa2 Rxa2 31. Rxc3 Ra4 32. Ke4 Kf8 33. Kd4
Ke7 34. Rxc4 Rxc4+ 35. Kxc4 Kf6 36. Kd4 Kf5 37. f3 e5+ 38. Ke3 g5 39. g4+ Ke6
40. Ke4 f6 41. f4 exf4 42. Kf3 f5 43. Kf2 fxg4 44. hxg4 Ke5 45. Kf3 Kd4 46. Ke2
Ke4 47. Kf2 f3 48. Kf1 Kf4 49. Kf2 Kxg4 0-1

[Event "C'est un classique IV"]
[Site "Chess.com"]
[Date "2021.01.10"]
[Round "4.9"]
[White "Yang, Jing Yao"]
[Black "Imbeault, Marc"]
[Result "1-0"]
[WhiteElo "1309"]
[BlackElo "1190"]
[PlyCount "87"]
[EventDate "2020.12.20"]
[EventType "swiss"]
[EventRounds "5"]
[EventCountry "CAN"]

1. d4 d5 2. Bf4 e6 3. e3 c5 4. c3 Nc6 5. Nf3 Bd6 6. Bg3 Nf6 7. Nbd2 O-O 8. Bd3
c4 9. Bc2 b5 10. Ne5 Bxe5 11. dxe5 Ne4 12. Nxe4 dxe4 13. Qxd8 Nxd8 14. Bxe4 Bb7
15. Bxb7 Nxb7 16. O-O-O Nc5 17. Kc2 Nd3 18. b3 a5 19. Rb1 Rab8 20. h4 h5 21.
Rhf1 Rfd8 22. Bf4 Rdc8 23. f3 Kh7 24. g4 hxg4 25. fxg4 Nc5 26. Bg5 cxb3+ 27.
axb3 Ne4 28. Kd3 Nxg5 29. hxg5 Kg6 30. Kd4 Kxg5 31. Rxf7 Kg6 32. Ra7 Rd8+ 33.
Ke4 Rbc8 34. Rc1 a4 35. Rb7 axb3 36. Rxb5 Rc4+ 37. Kf3 Rf8+ 38. Ke2 Rxg4 39.
Rxb3 Rf5 40. c4 Rxe5 41. c5 Rd4 42. c6 Rd8 43. c7 Rc8 44. Rb8 1-0

[Event "C'est un classique IV"]
[Site "Chess.com"]
[Date "2021.01.17"]
[Round "5.1"]
[White "Tanaka, Tyler"]
[Black "Laroche, Hugo"]
[Result "1-0"]
[WhiteElo "2250"]
[BlackElo "1738"]
[PlyCount "93"]
[EventDate "2020.12.20"]
[EventType "swiss"]
[EventRounds "5"]
[EventCountry "CAN"]

1. Nf3 d5 2. g3 Nf6 3. Bg2 c6 4. c4 Bg4 5. Qb3 Qb6 6. d3 e6 7. Be3 Qc7 8. Bf4
Qb6 9. Be3 Qc7 10. O-O Nbd7 11. Rc1 dxc4 12. dxc4 Be7 13. Nc3 O-O 14. h3 Bh5
15. Rd1 Rfd8 16. Na4 h6 17. Qc3 Ne4 18. Qc1 Bf6 19. Nd4 Bg6 20. Nb3 Nb6 21.
Rxd8+ Rxd8 22. Nac5 Nxc5 23. Nxc5 Nd7 24. Ne4 Be7 25. Qc3 Nf6 26. Nc5 b6 27.
Nb3 c5 28. Nd2 Nd7 29. Qc1 Ne5 30. Ne4 Nc6 31. Nc3 Nd4 32. Bxd4 cxd4 33. Nb5
Qd7 34. a4 a6 35. Na3 Qxa4 36. Nb5 Qb4 37. Rxa6 Bc5 38. Na7 Qb3 39. Nc6 Rc8 40.
Ne5 Bf5 41. Ra7 f6 42. Nc6 d3 43. exd3 Qxd3 44. Qf4 e5 45. Qc1 Qd6 46. Ne7+ Kh7
47. Nxf5 1-0

[Event "C'est un classique IV"]
[Site "Chess.com"]
[Date "2021.01.17"]
[Round "5.2"]
[White "Latorre, Vincent"]
[Black "Magner, Wilhelm"]
[Result "1-0"]
[WhiteElo "1941"]
[BlackElo "1459"]
[PlyCount "99"]
[EventDate "2020.12.20"]
[EventType "swiss"]
[EventRounds "5"]
[EventCountry "CAN"]

1. e4 c6 2. d4 d5 3. exd5 cxd5 4. Bd3 Nc6 5. c3 e5 6. dxe5 Nxe5 7. Bb5+ Nc6 8.
Nf3 Nf6 9. O-O Bc5 10. Nbd2 O-O 11. Nb3 Bd6 12. h3 Be6 13. Re1 a6 14. Bd3 Qd7
15. Nbd4 Nxd4 16. Nxd4 Bxh3 17. gxh3 Qxh3 18. Bf5 Qh2+ 19. Kf1 Rfe8 20. Be3 g6
21. Bg4 Ne4 22. Nf3 Qh1+ 23. Ke2 Qg2 24. Rg1 Nxc3+ 25. bxc3 Rxe3+ 26. Kxe3 Bc5+
27. Kd3 Qxf2 28. Qd2 Qxd2+ 29. Nxd2 Bxg1 30. Rxg1 Kf8 31. Bf3 Rd8 32. Kd4 f5
33. Bxd5 b6 34. Nf3 Kg7 35. Re1 Rb8 36. Ng5 Kh6 37. Ne6 g5 38. Ke5 Kg6 39. Rf1
f4 40. Be4+ Kh5 41. Bf5 Kh4 42. Rh1+ Kg3 43. Rh3+ Kg2 44. Nxg5 f3 45. Nxf3 Rf8
46. Ng5 Re8+ 47. Kf4 Re2 48. Be4+ Kg1 49. Rh1+ Kf2 50. Nh3# 1-0

[Event "C'est un classique IV"]
[Site "Chess.com"]
[Date "2021.01.17"]
[Round "5.3"]
[White "Pomerantz, Daniel"]
[Black "Varro, Daniel"]
[Result "1-0"]
[WhiteElo "2164"]
[BlackElo "1831"]
[PlyCount "35"]
[EventDate "2020.12.20"]
[EventType "swiss"]
[EventRounds "5"]
[EventCountry "CAN"]

1. e4 c6 2. d4 d5 3. e5 Bf5 4. Nf3 e6 5. Be2 c5 6. Be3 Qb6 7. Nc3 Nc6 8. O-O
cxd4 9. Nxd4 Qxb2 10. Ncb5 Nxd4 11. Bxd4 Qxc2 12. Qxc2 Bxc2 13. Nc7+ Kd8 14.
Nxa8 Ba3 15. Bxa7 Bb2 16. Rac1 Bxc1 17. Rxc1 Ba4 18. Bb6+ 1-0

[Event "C'est un classique IV"]
[Site "Chess.com"]
[Date "2021.01.17"]
[Round "5.4"]
[White "Adam, Rafael"]
[Black "Fortin, Anne-Esmee"]
[Result "1-0"]
[WhiteElo "2049"]
[BlackElo "1339"]
[PlyCount "67"]
[EventDate "2020.12.20"]
[EventType "swiss"]
[EventRounds "5"]
[EventCountry "CAN"]

1. d4 Nf6 2. Bg5 d5 3. e3 e6 4. Bd3 c5 5. c3 Nc6 6. f4 h6 7. Bh4 Be7 8. Nf3 O-O
9. O-O a6 10. Nbd2 b5 11. Ne5 Nxe5 12. fxe5 Nd7 13. Bxe7 Qxe7 14. Nf3 c4 15.
Bb1 g6 16. Qe1 Kh7 17. Qg3 Rg8 18. Bc2 Bb7 19. Rf2 Raf8 20. Raf1 Rg7 21. h3 Rh8
22. Nh2 Kg8 23. Ng4 Qd8 24. Nh2 Qg5 25. Ng4 Kf8 26. h4 Qd8 27. Nf6 Nxf6 28.
Rxf6 Rhg8 29. Rxe6 Bc8 30. Rd6 Qe7 31. Rff6 Bf5 32. Rxa6 Ke8 33. Ra8+ Kd7 34.
Ra7+ 1-0

[Event "C'est un classique IV"]
[Site "Chess.com"]
[Date "2021.01.17"]
[Round "5.5"]
[White "Turcotte, Jonathan"]
[Black "Dube, Daniel"]
[Result "1-0"]
[WhiteElo "2035"]
[BlackElo "1697"]
[PlyCount "56"]
[EventDate "2020.12.20"]
[EventType "swiss"]
[EventRounds "5"]
[EventCountry "CAN"]

1. d4 g6 2. e4 Bg7 3. c4 d6 4. Be2 Nc6 5. Nf3 Nf6 6. Nc3 O-O 7. O-O e5 8. d5
Ne7 9. b4 c6 10. a4 a5 11. dxc6 bxc6 12. b5 cxb5 13. axb5 Bb7 14. Qd3 Ne8 15.
Rd1 Nc7 16. Qxd6 Ne6 17. Ba3 Re8 18. c5 Nd4 19. c6 Bc8 20. Nxe5 Nxe2+ 21. Nxe2
Qxd6 22. Bxd6 Nxc6 23. Nxc6 Bxa1 24. Rxa1 Rxe4 25. Nc3 Rc4 26. Nd5 Be6 27. Nb6
Re8 28. Nxc4 Bxc4 1-0

[Event "C'est un classique IV"]
[Site "Chess.com"]
[Date "2021.01.17"]
[Round "5.6"]
[White "Cormier, Benoit"]
[Black "Georgescu-Nicolau, Luca"]
[Result "0-1"]
[WhiteElo "1393"]
[BlackElo "1314"]
[PlyCount "110"]
[EventDate "2020.12.20"]
[EventType "swiss"]
[EventRounds "5"]
[EventCountry "CAN"]

1. e4 e5 2. Nf3 Nc6 3. Bb5 a6 4. Ba4 Bc5 5. c3 b5 6. Bc2 Nf6 7. O-O d6 8. Re1
Bg4 9. h3 Bh5 10. d3 O-O 11. Nbd2 Bb6 12. Nf1 h6 13. Ng3 Bxf3 14. Qxf3 d5 15.
exd5 Qxd5 16. Ne4 Nxe4 17. dxe4 Qe6 18. Bb3 Qe7 19. Bd5 Qd7 20. Be3 Bxe3 21.
Qxe3 Rad8 22. Rad1 Nb8 23. Bb3 Qe7 24. Qg3 c6 25. Qf3 a5 26. Rxd8 Rxd8 27. Rd1
Rxd1+ 28. Qxd1 Qd7 29. Qxd7 Nxd7 30. f3 Kf8 31. Kf2 Ke7 32. Ke3 a4 33. Bc2 Ke6
34. b3 axb3 35. Bxb3+ Ke7 36. c4 Nc5 37. Kd2 b4 38. Kc2 Kf6 39. g3 Kg5 40. Kd2
Nxb3+ 41. axb3 c5 42. Ke3 f6 43. h4+ Kh5 44. f4 g5 45. fxe5 fxe5 46. hxg5 Kxg5
47. Kf3 h5 48. Ke3 Kg4 49. Kf2 h4 50. gxh4 Kxh4 51. Kf3 Kh3 52. Ke2 Kg3 53. Ke3
Kg4 54. Kd2 Kf4 55. Kd3 Kf3 0-1

[Event "C'est un classique IV"]
[Site "Chess.com"]
[Date "2021.01.17"]
[Round "5.7"]
[White "Yang, Jing Yao"]
[Black "Duval, Mathieu"]
[Result "1-0"]
[WhiteElo "1309"]
[BlackElo "1363"]
[PlyCount "99"]
[EventDate "2020.12.20"]
[EventType "swiss"]
[EventRounds "5"]
[EventCountry "CAN"]

1. d4 Nf6 2. Bf4 c5 3. e3 Nc6 4. Nf3 d6 5. c3 cxd4 6. cxd4 Bf5 7. Bd3 Bxd3 8.
Qxd3 Rc8 9. O-O Qb6 10. Na3 Nd5 11. Bg3 Qxb2 12. Rfb1 Qc3 13. Qxc3 Nxc3 14.
Rxb7 Ne2+ 15. Kf1 Nxg3+ 16. hxg3 d5 17. Rc1 e6 18. Ne5 Bxa3 19. Rxc6 O-O 20.
Rxc8 Rxc8 21. Rxf7 Rc1+ 22. Ke2 Rc2+ 23. Kf3 Rxa2 24. Rxa7 h6 25. Nc6 Ra1 26.
Nd8 e5 27. dxe5 Ra2 28. e6 Kf8 29. Nc6 Ra1 30. e7+ Bxe7 31. Rxa1 Bc5 32. Rd1 d4
33. exd4 Bd6 34. d5 Ke8 35. Ke4 Kd7 36. Kf5 Bc5 37. f3 Be3 38. Kg6 Bg5 39. Kxg7
Be3 40. f4 Bc5 41. Kxh6 Bf8+ 42. Kg6 Kc8 43. d6 Kd7 44. f5 Kc8 45. Ne7+ Kd7 46.
f6 Ke6 47. d7 Bxe7 48. fxe7 Kxe7 49. d8=Q+ Ke6 50. Re1# 1-0

[Event "C'est un classique IV"]
[Site "Chess.com"]
[Date "2021.01.17"]
[Round "5.8"]
[White "Courtemanche, Sylvain"]
[Black "Bernard, Jeremie"]
[Result "1-0"]
[WhiteElo "1440"]
[BlackElo "1111"]
[PlyCount "47"]
[EventDate "2020.12.20"]
[EventType "swiss"]
[EventRounds "5"]
[EventCountry "CAN"]

1. e4 c6 2. d4 d5 3. exd5 cxd5 4. c4 Nf6 5. Nc3 Nc6 6. Bf4 g6 7. cxd5 Nxd5 8.
Bg3 Bg7 9. Qb3 Nxd4 10. Qxd5 Qxd5 11. Nxd5 Nc2+ 12. Kd1 Nxa1 13. Nc7+ Kd8 14.
Nxa8 Bxb2 15. Bb5 e5 16. Nf3 Ke7 17. Nxe5 Rd8+ 18. Ke2 Rd5 19. Nc7 Rc5 20. Nd3
Rc2+ 21. Kf3 Rc3 22. Nd5+ Ke6 23. Nxc3 Bxc3 24. Rc1 1-0

[Event "CAN-ch U10 Online"]
[Site "chess.com"]
[Date "2020.11.08"]
[Round "1.1"]
[White "Yang, Nathan"]
[Black "Wu, Jonathan"]
[Result "0-1"]
[WhiteElo "1090"]
[BlackElo "1895"]
[PlyCount "146"]
[EventDate "2020.11.08"]
[EventType "swiss (rapid)"]
[EventRounds "6"]
[EventCountry "CAN"]

1. d4 Nf6 2. Bf4 g6 3. Nf3 Bg7 4. e3 O-O 5. Bd3 d6 6. Nbd2 Nbd7 7. c3 b6 8. h4
h5 9. Ng5 Bb7 10. Kf1 e5 11. dxe5 dxe5 12. Bg3 Nc5 13. Bc2 Qd5 14. e4 Qd6 15.
Nc4 Qxd1+ 16. Rxd1 Nfxe4 17. Nxe4 Nxe4 18. Bxe4 Bxe4 19. Bxe5 Bxe5 20. Nxe5
Rfd8 21. Rxd8+ Rxd8 22. Ke2 Re8 23. Nf3 Bf5+ 24. Kd2 Rd8+ 25. Kc1 f6 26. Rd1
Rxd1+ 27. Kxd1 Kf7 28. Ke2 Be6 29. a3 c5 30. Ke3 Bd5 31. g3 Ke6 32. Nd2 Kf5 33.
f3 g5 34. hxg5 fxg5 35. Ne4 Bxe4 36. fxe4+ Ke5 37. Kf3 h4 38. gxh4 gxh4 39. a4
h3 40. Kg3 Kxe4 41. b4 c4 42. Kxh3 Kd3 43. Kg3 Kxc3 44. Kf2 Kxb4 45. Ke2 Kxa4
46. Kd2 b5 47. Kc2 b4 48. Kb2 c3+ 49. Kc2 Ka3 50. Kb1 b3 51. Kc1 Ka2 52. Kd1
c2+ 53. Kc1 b2+ 54. Kxc2 b1=Q+ 55. Kc3 Qb3+ 56. Kd4 Qc2 57. Kd5 Qc3 58. Ke4 Qd2
59. Ke5 Qd3 60. Kf4 Qe2 61. Kf5 Qe3 62. Kf6 Qc5 63. Ke6 Kb3 64. Kf6 Qd5 65. Kg6
Qe5 66. Kf7 Qd6 67. Kg7 Kc4 68. Kf7 Kd5 69. Kg7 Qe6 70. Kh8 Qg4 71. Kh7 Ke6 72.
Kh8 Kf7 73. Kh7 Qg7# 0-1

[Event "CAN-ch U10 Online"]
[Site "chess.com"]
[Date "2020.11.08"]
[Round "1.2"]
[White "Yao, Henry"]
[Black "Liu, Zachary"]
[Result "1-0"]
[WhiteElo "1705"]
[BlackElo "1017"]
[PlyCount "213"]
[EventDate "2020.11.08"]
[EventType "swiss (rapid)"]
[EventRounds "6"]
[EventCountry "CAN"]

1. e4 c5 2. Nf3 Nc6 3. d4 cxd4 4. Nxd4 Nf6 5. Nc3 e5 6. Ndb5 d6 7. Bg5 a6 8.
Na3 b5 9. Bxf6 gxf6 10. Nd5 f5 11. Bd3 Be6 12. c4 b4 13. Nc2 Bxd5 14. cxd5 Ne7
15. Ne3 Bg7 16. Qa4+ Kf8 17. Nxf5 Nxf5 18. exf5 a5 19. Be4 Qh4 20. Qc2 Qd8 21.
O-O h5 22. Qd3 h4 23. Rac1 Bh6 24. Rc6 Bf4 25. h3 Rg8 26. Kh1 Ke7 27. Qb5 Ra7
28. Re1 Rd7 29. Re2 Rc7 30. Rec2 Rd7 31. Qb6 Qa8 32. Rc7 Rgd8 33. Qc6 Qxc6 34.
R7xc6 f6 35. Ra6 Kf8 36. Rxa5 Re7 37. Rb5 Ree8 38. Rxb4 Rc8 39. Rbc4 Ra8 40. b3
Bg5 41. Rc6 Red8 42. Rc7 Kg8 43. a4 Rab8 44. R2c3 Bd2 45. Rc2 Bg5 46. R7c3 Kf7
47. g3 hxg3 48. fxg3 Bh6 49. Bf3 Bg7 50. a5 Ra8 51. b4 Rdb8 52. Rb3 Bf8 53.
Rc7+ Ke8 54. Bh5+ Kd8 55. Rc6 Rxa5 56. bxa5 Rxb3 57. a6 Rxg3 58. Bg4 Ra3 59.
Kg2 Kd7 60. Rb6 Kc8 61. h4 Ra2+ 62. Kf3 Ra3+ 63. Kg2 Ra2+ 64. Kf3 Ra3+ 65. Kf2
Kc7 66. Rb7+ Kc8 67. Rh7 Ra2+ 68. Be2 Kd8 69. a7 Ke8 70. Rb7 Bh6 71. Rb8+ Kf7
72. a8=Q Rxa8 73. Rxa8 Bf4 74. Kf3 Bh6 75. Kg4 Bf8 76. Kh5 Be7 77. Ra7 Ke8 78.
Kg6 Kf8 79. Rxe7 Kxe7 80. Kg7 e4 81. h5 e3 82. h6 Kd7 83. h7 Kc7 84. h8=Q Kb6
85. Qd8+ Kc5 86. Qa5+ Kd4 87. Qb4+ Kxd5 88. Kxf6 Kc6 89. Bf3+ d5 90. Bxd5+ Kxd5
91. Qb3+ Kd4 92. Qxe3+ Kxe3 93. Ke6 Kd4 94. f6 Kc5 95. f7 Kc6 96. f8=Q Kb6 97.
Qh6 Kb5 98. Qe3 Kc6 99. Qd4 Kb5 100. Qc3 Kb6 101. Qc4 Kb7 102. Qc5 Kb8 103. Qc6
Ka7 104. Qb5 Ka8 105. Kd6 Ka7 106. Kc7 Ka8 107. Qa5# 1-0

[Event "CAN-ch U10 Online"]
[Site "chess.com"]
[Date "2020.11.08"]
[Round "1.6"]
[White "Ajirh, Aarush"]
[Black "Low, Ethan Jun"]
[Result "0-1"]
[WhiteElo "1562"]
[BlackElo "932"]
[PlyCount "64"]
[EventDate "2020.11.08"]
[EventType "swiss (rapid)"]
[EventRounds "6"]
[EventCountry "CAN"]

1. d4 d5 2. Bf4 Nc6 3. e3 Nf6 4. Nf3 e6 5. c3 Bd6 6. Bg3 Bd7 7. Bd3 O-O 8. Nbd2
Re8 9. Ne5 h6 10. O-O Qe7 11. Ndf3 Rad8 12. Re1 Bxe5 13. Nxe5 Nxe5 14. Bxe5 Rc8
15. Qb3 b6 16. Ba6 Rb8 17. Bxc7 Ba4 18. Qxa4 Qxc7 19. Bb5 Red8 20. Rac1 Ne4 21.
c4 dxc4 22. Rxc4 Qe7 23. Rec1 Qf6 24. Qc2 Nd6 25. Rb4 a5 26. Rb3 Rbc8 27. Qd2
Ne4 28. Qe1 Rxc1 29. Qxc1 Qxf2+ 30. Kh1 Rd5 31. Bd3 Ng3+ 32. hxg3 Rh5# 0-1

[Event "CAN-ch U10 Online"]
[Site "chess.com"]
[Date "2020.11.08"]
[Round "1.8"]
[White "Ming, Jerry"]
[Black "Jaiman, Panshul Mishra"]
[Result "1-0"]
[WhiteElo "1511"]
[BlackElo "894"]
[PlyCount "59"]
[EventDate "2020.11.08"]
[EventType "swiss (rapid)"]
[EventRounds "6"]
[EventCountry "CAN"]

1. e4 e6 2. d4 d5 3. Bd3 Bb4+ 4. c3 Ba5 5. Ne2 Ne7 6. e5 Bd7 7. O-O O-O 8. Qc2
g6 9. Bh6 Re8 10. Nd2 Nf5 11. Bxf5 exf5 12. Nf4 c6 13. Nf3 f6 14. exf6 Qxf6 15.
Rfe1 Na6 16. Nh3 c5 17. dxc5 Nxc5 18. b4 Ba4 19. Qd2 Rxe1+ 20. Rxe1 Ne4 21.
Qxd5+ Qf7 22. Qxa5 Qxa2 23. Qe5 Qf7 24. Nhg5 Nxg5 25. Nxg5 Re8 26. Nxf7 Rxe5
27. Nxe5 b5 28. Re2 g5 29. Rd2 Kh8 30. Rd8# 1-0

[Event "CAN-ch U10 Online"]
[Site "chess.com"]
[Date "2020.11.08"]
[Round "1.14"]
[White "Chen, Vincent"]
[Black "Li, Anthony"]
[Result "1-0"]
[WhiteElo "1336"]
[BlackElo "798"]
[PlyCount "131"]
[EventDate "2020.11.08"]
[EventType "swiss (rapid)"]
[EventRounds "6"]
[EventCountry "CAN"]

1. e4 e6 2. d4 d5 3. exd5 exd5 4. c4 c6 5. Nc3 Be6 6. Nf3 Nf6 7. Qb3 Qc7 8. Bg5
Be7 9. Bxf6 Bxf6 10. cxd5 cxd5 11. Be2 Nc6 12. O-O-O Nxd4 13. Nxd4 Qf4+ 14. Kb1
Bxd4 15. g3 Qe5 16. f4 Qf6 17. Nxd5 Bxd5 18. Qxd5 Bxb2 19. Bb5+ Kf8 20. Qc5+
Kg8 21. Rd6 Qe7 22. Kxb2 a6 23. Bd3 g6 24. Rxg6+ Kf8 25. Qxe7+ Kxe7 26. Rb6
Rhd8 27. Re1+ Kf8 28. Bxh7 Rd2+ 29. Bc2 Rxh2 30. Rxb7 Rc8 31. Rc1 Rg2 32. Rb3
a5 33. Rc3 Rxc3 34. Kxc3 Rxg3+ 35. Bd3 Rf3 36. Rf1 Re3 37. Kd4 Re8 38. Rh1 Rd8+
39. Ke3 Ke7 40. Re1 Kf6 41. Rb1 Ra8 42. Rb6+ Ke7 43. Ra6 Rxa6 44. Bxa6 Kd6 45.
Kd4 Kc6 46. Bc4 f6 47. Ke4 Kd6 48. Kf5 Ke7 49. Be6 a4 50. a3 Kf8 51. Kxf6 Ke8
52. Bd5 Kf8 53. Kg6 Ke7 54. f5 Kf8 55. f6 Ke8 56. Kg7 Kd7 57. f7 Kd6 58. f8=Q+
Kxd5 59. Qb4 Kc6 60. Qxa4+ Kb6 61. Qb4+ Ka6 62. Kf6 Ka7 63. Ke6 Ka6 64. Kd6 Ka7
65. Kc7 Ka6 66. Qa4# 1-0

[Event "CAN-ch U10 Online"]
[Site "chess.com"]
[Date "2020.11.08"]
[Round "1.17"]
[White "Ye, Oliver"]
[Black "Xing, Percy"]
[Result "1-0"]
[WhiteElo "715"]
[BlackElo "1274"]
[PlyCount "117"]
[EventDate "2020.11.08"]
[EventType "swiss (rapid)"]
[EventRounds "6"]
[EventCountry "CAN"]

1. e4 e6 2. d4 d5 3. e5 c5 4. c3 Nc6 5. Nf3 Qb6 6. Na3 a6 7. Qb3 Qxb3 8. axb3
Na5 9. Nd2 b5 10. Nc2 Nc6 11. Bxb5 Bb7 12. Bxc6+ Bxc6 13. b4 c4 14. b3 Bb5 15.
bxc4 dxc4 16. Na3 Rc8 17. Nxb5 axb5 18. Ra5 Rb8 19. Nb1 Ne7 20. Na3 Nd5 21.
Rxb5 Rxb5 22. Nxb5 Kd7 23. Bd2 Be7 24. Na3 Ra8 25. Nc2 Ra2 26. Kd1 Rb2 27. Kc1
Rb3 28. Na1 Ra3 29. Kb2 Ra6 30. Nc2 h6 31. Ra1 Rxa1 32. Kxa1 Kc6 33. Ka2 Nb6
34. Ka3 Kb5 35. g3 Na4 36. Ne3 Nb6 37. f4 Nd5 38. Nxd5 exd5 39. f5 h5 40. h3
Bd8 41. g4 hxg4 42. hxg4 Be7 43. g5 f6 44. exf6 gxf6 45. g6 Bf8 46. Be1 Bh6 47.
Bh4 Bg7 48. Bg3 Bf8 49. Bd6 Bg7 50. Be7 Kc6 51. Ka4 Kd7 52. Bc5 Kc7 53. Ka5 Kb7
54. Be7 Kb8 55. Ka6 Ka8 56. b5 Kb8 57. b6 Ka8 58. b7+ Kb8 59. Bd6# 1-0

[Event "CAN-ch U10 Online"]
[Site "chess.com"]
[Date "2020.11.08"]
[Round "1.18"]
[White "Deshpande, Sarthak"]
[Black "Zong, Ivan"]
[Result "1-0"]
[WhiteElo "1265"]
[BlackElo "715"]
[PlyCount "35"]
[EventDate "2020.11.08"]
[EventType "swiss (rapid)"]
[EventRounds "6"]
[EventCountry "CAN"]

1. e4 e5 2. Nf3 Nc6 3. d4 exd4 4. Bc4 Bc5 5. Ng5 d5 6. Bxd5 Ne5 7. Bf4 Nh6 8.
Qh5 Ng6 9. Qf3 O-O 10. O-O Bg4 11. Qg3 Qf6 12. Bd2 Bd6 13. f4 Be6 14. e5 Qf5
15. Be4 Bd5 16. Bxf5 Nxf5 17. Qh3 Bc5 18. Qxh7# 1-0